000 00324nam a2200133Ia 4500
008 200103s9999||||xx |||||||||||||| ||und||
040 _aIMU-MPC
082 _aColumn-62
100 _aBogolyubov, S. and Voinov, A.
245 0 _aEngineering Drawing
260 _bMir Publishers, Moscow
_c1976
300 _a335
942 _cBK
999 _c11220
_d11220